| 000 | 01197nam a22003377a 4500 | ||
|---|---|---|---|
| 003 | CHAP | ||
| 005 | 20220329141558.0 | ||
| 008 | 971013s1980 r 00010 d | ||
| 010 | _a70435 | ||
| 011 | _a71407 | ||
| 035 | _a80961 | ||
| 040 | _cCHAP | ||
| 082 |
_a511.7 _bB34Y |
||
| 100 | 0 | 0 |
_aBakhvalov, N. _99578 |
| 245 | _aMétodos numéricos | ||
| 260 |
_aMadrid : _bParaninfo, _c1980 |
||
| 300 | _a734 p. | ||
| 590 |
_aBATCH-UPD _b10 _c20130110 _lUCH01 _h0423 |
||
| 590 |
_aBATCH-UPD _b10 _c20130410 _lUCH01 _h0058 |
||
| 590 |
_aBATCH-UPD _b10 _c20130914 _lUCH01 _h0349 |
||
| 590 |
_aCONVERSION _b10 _c20130109 _lUCH01 _h1339 |
||
| 650 | 1 | 4 |
_aAnálisis numérico. _95991 |
| 901 | _aBK | ||
| 942 | _cLIBRO | ||
| 949 |
_a511.7 B34Y _bBC _cLIBRO _d33724000413290 _eLIBRO _fc.2 _h52798 _i80961 _si |
||
| 949 |
_a511.7 B34Y _bBC _cLIBRO _d33724000413308 _eLIBRO _fc.4 _h55292 _i80961 _si |
||
| 949 |
_a511.7 B34Y _bBC _cLIBRO _d33724000413316 _eLIBRO _fc.5 _h55340 _i80961 _si |
||
| 949 |
_a511.7 B34Y _bBC _cLIBRO _d33724000413324 _eLIBRO _fc.3 _h52799 _i80961 _si |
||
| 949 |
_a511.7 B34Y _bBC _cLIBRO _d33724000413332 _eLIBRO _fc.6 _h55341 _i80961 _si |
||
| 949 |
_a511.7 B34Y _bBC _cLIBRO _d33724000413415 _eLIBRO _h50048 _i80961 _si |
||
| 999 |
_c70435 _d70435 |
||